Genel Kültür Testi 2 - Statistics

General Stats
  • This quiz has been taken 2 583 times
  • The average score is 4 of 15
Answer Stats
Question Answer % Correct
Beypazarı ilçesi hangi ilimizde bulunmaktadır? Ankara
59%
Tarihe "Futbol Savaşı" olarak geçen ve futboldan kaynaklanan savaş hangi iki ülke arasında gerçekleşmiştir? El Salvador-Honduras
54%
Türkiye'nin Lozan Antlaşması'nda Yunanistan'dan savaş tazminatı olarak aldığı yerin adı nedir? Karaağaç
38%
Sıvılaştırılmış petrol gazında (LPG) hangi sıvılaştırılmış gazlar bulunmaktadır? Propan-Bütan
33%
Türkiye'nin bir dönem kiraladığı, şu an ise durumu net olmayan Sevakin Adası hangi ülkede bulunmaktadır? Sudan
27%
Hangi ülke Otuz Yıl Savaşları'nda diğerlerinden farklı tarafta yer almıştır? İspanya İmparatorluğu
25%
Avrupa Hun İmparatorluğu'nun ilk yöneticisi kimdir? Balamir
24%
Panama Kanalı'nın yapımı için hangi ülke bölünmüştür? Kolombiya
24%
Özbekistan bayrağında kaç adet yıldız vardır? 12
21%
Hangi ülke sosyalizm ile yönetilmemiştir? Paraguay
21%
Hangi ülkenin İnsani Gelişmişlik Endeksi (HDI) daha yüksektir? (2021) Yunanistan
20%
Türkiye'nin kaç tane "B" harfi ile başlayan ili vardır? 10
18%
UEFA Şampiyonlar Ligi tarihinde en çok gol atan 5 futbolcudan kaçı aktif olarak futbol oynamaya devam etmektedir? 4
18%
Hangi şehir daha az nüfusa sahiptir? Tahran
12%
Hangi ülkenin tank sayısı daha fazladır? (Business Insider) Mısır
10%
No matching quizzes found
Score Distribution
Percent of People with Each Score
Percentile by Number Answered
Your Score History
You have not taken this quiz